| 000 | 00000nam##2200000za#4500 |
| 001 | 9.611719 |
| 003 | CaOODSP |
| 005 | 20220111083415 |
| 007 | ta |
| 008 | 150406|1994||||xxc||||| f|0| 0 eng|d |
| 020 | |a0-662-22873-1 |
| 022 | |a1713-0638 |
| 040 | |aCaOODSP|beng |
| 043 | |an-cn--- |
| 086 | 1 |aNE22-1/1994-12E |
| 110 | 1 |aCanada. |bNational Energy Board. |
| 245 | 10|aNovagas Clearinghouse Ltd., as agent for Novagas Clearinghouse Pipelines Ltd. (formerly known as 3025811 Canada Ltd.) : |bapplication dated 23 September 1994 |
| 260 | |aCalgary - Alberta : |bNational Energy Board |cDecember, 1994. |
| 300 | |aiv, 22p. : |bfigs. ; |c28 cm. |
| 490 | 1 |aReasons for decision|x1713-0638 |
| 563 | |aSoftcover |
| 775 | 08|tNovagas Clearinghouse Ltd., mandataire de Novagas Clearinghouse Pipelines Ltd. (anciennement 3025811 Canada Ltd.) : |w(CaOODSP)9.623015 |
| 776 | 0#|tReasons for decision in the matter of Novagas Clearinghouse Ltd., as agent for Novagas Clearinghouse Pipelines Ltd. (formerly known as 3025811 Canada Ltd.) : |w(CaOODSP)9.572431 |
| 830 | #0|aReasons for decision (Canada. National Energy Board)|x1713-0638|w(CaOODSP)9.514808 |
| 986 | |aGHW-1-94 |